000
00345nam a22001457a 4500
008
210430b ||||| |||| 00| 0 eng d
020
_a
0872240479
041
_a
eng
080
_a
34
082
_a
34
100
_a
13
101
_a
JUR
245
_a
Immigration Fundamentals a guide to Law and Practice
_c
Austin T. Fragomen
942
_2
udc
_c
BK
999
_c
57034
_d
57034